[Event "North Devon Open 2nd"]
[Site "Woolacombe"]
[Date "1972.10.20"]
[Round "1"]
[White "Anstead, Jeremy A"]
[Black "Argyris, Nicholas JC"]
[Result "0-1"]
[WhiteElo "1815"]
[BlackElo "2140"]
[PlyCount "71"]
[EventDate "1972.10.20"]
[EventType "swiss"]
[EventRounds "5"]
[EventCountry "ENG"]
[SourceTitle "BritBase"]
[Source "John Saunders"]
[SourceDate "2000.01.01"]
[SourceVersion "1"]
[SourceVersionDate "2000.01.01"]
[SourceQuality "1"]

1. d4 Nf6 2. c4 e6 3. Nc3 Bb4 4. Bg5 c5 5. d5 b5 6. dxe6 fxe6 7. cxb5 O-O 8. e4 d5 9. e5 Qa5 10. exf6 Bxc3+ 11. bxc3 Qxc3+ 12. Bd2 Qxf6 13. f3 e5 14. Bg5 Qf7 15. Rc1 c4 16. Be2 Be6 17. Nh3 a6 18. b6 Nd7 19. Be3 h6 20. Rb1 d4 21. Bxd4 exd4 22. Qxd4 Rae8 23. Nf2 Bd5 24. Rb2 Ne5 25. O-O Ng6 26. Rfb1 Nf4 27. Bf1 Qg6 28. b7 Bxf3 29. b8=Q Rxb8 30. Rxb8 Ne2+ 31. Kh1 Nxd4 32. Bxc4+ Kh7 33. Bd3 Bxg2+ 34. Kg1 Be4+ (34... Nf3#) 35. Kf1 Bxd3+ 36. Ke1 0-1

[Event "North Devon Open 2nd"]
[Site "Woolacombe"]
[Date "1972.10.20"]
[Round "1"]
[White "Barden, Leonard William"]
[Black "Murphy, Ross C"]
[Result "1-0"]
[WhiteElo "2400"]
[BlackElo "1740"]
[PlyCount "41"]
[EventDate "1972.10.20"]
[EventType "swiss"]
[EventRounds "5"]
[EventCountry "ENG"]
[SourceTitle "BritBase"]
[Source "John Saunders"]
[SourceDate "2000.01.01"]
[SourceVersion "1"]
[SourceVersionDate "2000.01.01"]
[SourceQuality "1"]

1. e4 c5 2. Nf3 d6 3. d4 cxd4 4. Nxd4 Nf6 5. Nc3 g6 6. f4 Bg7 7. e5 Bg4 8. exf6 Bxd1 9. fxg7 Rg8 10. Bb5+ Nd7 11. Nxd1 a6 12. Ba4 Qc7 13. Nc3 O-O-O 14. Be3 Rxg7 15. O-O-O e6 16. Bxd7+ Rxd7 17. Rd3 Kb8 18. Nb3 Rg8 19. Rhd1 Rgd8 20. Bd4 Ka8 21. Na4 (21. Na4 Qc6 22. Nb6+ Kb8 23. Nxd7+ Rxd7 24. Be5 Qxg2 25. Bxd6+ Ka8 26. Nc5) 1-0

[Event "North Devon Open 2nd"]
[Site "Woolacombe"]
[Date "1972.10.20"]
[Round "1"]
[White "Basman, Michael John"]
[Black "Cooper, Neill S"]
[Result "1-0"]
[WhiteElo "2325"]
[BlackElo "1830"]
[PlyCount "59"]
[EventDate "1972.10.20"]
[EventType "swiss"]
[EventRounds "5"]
[EventCountry "ENG"]
[SourceTitle "BritBase"]
[Source "John Saunders"]
[SourceDate "2000.01.01"]
[SourceVersion "1"]
[SourceVersionDate "2000.01.01"]
[SourceQuality "1"]

1. e4 c5 2. Nf3 Nf6 3. Nc3 d6 4. d4 cxd4 5. Nxd4 g6 6. Be2 Bg7 7. O-O O-O 8. Re1 Nc6 9. Nb3 Be6 10. Bg5 Rc8 11. h3 Na5 12. Nd4 Rxc3 13. Bxf6 Bxf6 14. bxc3 a6 15. Bd3 Qc7 16. e5 Bxe5 17. Rxe5 dxe5 18. Nxe6 fxe6 19. Qd2 Rc8 20. Qg5 Qxc3 21. Rb1 Kf7 22. h4 Qa3 23. h5 Rg8 24. hxg6+ hxg6 25. Qxe5 g5 26. Re1 Qxa2 27. c4 Nc6 28. Qxe6+ Kf8 29. Be4 Qa3 30. Bd5 {Source: Basman scoresheet (https://michael-basman-legacy.github.io/scoresheets/1972/Hexagon%20North%20Devon%20Congress%2020-10-72.pdf) - this is a slightly longer version of the game than the one published previously - JS} 1-0

[Event "North Devon Open 2nd"]
[Site "Woolacombe"]
[Date "1972.10.20"]
[Round "1"]
[White "Berry, Stephen H"]
[Black "Brangham, Godfrey V"]
[Result "0-1"]
[WhiteElo "2160"]
[BlackElo "1940"]
[PlyCount "90"]
[EventDate "1972.10.20"]
[EventType "swiss"]
[EventRounds "5"]
[EventCountry "ENG"]
[SourceTitle "BritBase"]
[Source "John Saunders"]
[SourceDate "2000.01.01"]
[SourceVersion "1"]
[SourceVersionDate "2000.01.01"]
[SourceQuality "1"]

1. e4 c5 2. Nc3 e6 3. Nf3 a6 4. d4 cxd4 5. Nxd4 Nc6 6. g3 Nge7 7. Nb3 Na5 8. Bg2 Nxb3 9. axb3 Nc6 10. O-O Rb8 11. Bf4 d6 12. Qd2 Be7 13. Rad1 Ne5 14. Qe2 Qc7 15. Be3 b5 16. f4 Nc6 17. Qg4 O-O 18. Qh5 b4 19. Ne2 Bf6 20. Rd2 Bxb2 21. Rfd1 Rb5 22. Qg4 Rd8 23. e5 d5 24. Qh5 Qe7 25. g4 g6 26. Qh3 a5 27. Bf2 Qf8 28. Bh4 Rd7 29. Bf6 Rc7 30. Rd3 Nb8 31. Qh4 Nd7 32. Rh3 Nxf6 33. exf6 h6 34. Qxh6 Qxh6 35. Rxh6 Bxf6 36. f5 Bg7 37. Rh4 gxf5 38. gxf5 Rxc2 39. Ng3 Rbc5 40. Nh5 Rc1 41. Rxc1 Rxc1+ 42. Kf2 Rc2+ 43. Kg1 Be5 44. Rg4+ Kf8 45. Ng3 Ba6 0-1

[Event "North Devon Open 2nd"]
[Site "Woolacombe"]
[Date "1972.10.20"]
[Round "1"]
[White "Bruce, Rowena Mary"]
[Black "White, WL"]
[Result "1-0"]
[WhiteElo "2015"]
[BlackElo "1695"]
[PlyCount "29"]
[EventDate "1972.10.20"]
[EventType "swiss"]
[EventRounds "5"]
[EventCountry "ENG"]
[SourceTitle "BritBase"]
[Source "John Saunders"]
[SourceDate "2000.01.01"]
[SourceVersion "1"]
[SourceVersionDate "2000.01.01"]
[SourceQuality "1"]

1. Nf3 Nf6 2. g3 g6 3. Bg2 Bg7 4. O-O O-O 5. d4 d5 6. c4 c6 7. Nc3 Nbd7 8. b3 Re8 9. Bb2 e5 10. dxe5 Nxe5 11. Nxe5 Rxe5 12. cxd5 Nxd5 13. Nxd5 Rxd5 14. Bxd5 Bxb2 15. Bxf7+ 1-0

[Event "North Devon Open 2nd"]
[Site "Woolacombe"]
[Date "1972.10.20"]
[Round "1"]
[White "Burrows, L"]
[Black "Holloway, Nigel John"]
[Result "0-1"]
[WhiteElo "1680"]
[BlackElo "2260"]
[PlyCount "78"]
[EventDate "1972.10.20"]
[EventType "swiss"]
[EventRounds "5"]
[EventCountry "ENG"]
[SourceTitle "BritBase"]
[Source "John Saunders"]
[SourceDate "2000.01.01"]
[SourceVersion "1"]
[SourceVersionDate "2000.01.01"]
[SourceQuality "1"]

1. d4 Nf6 2. Nf3 g6 3. c4 Bg7 4. Nc3 d5 5. e3 O-O 6. Qc2 c5 7. Be2 Nc6 8. a3 cxd4 9. exd4 dxc4 10. Be3 Bf5 11. Qd2 Na5 12. Bd1 Nb3 13. Bxb3 cxb3 14. O-O Nd5 15. Nxd5 Qxd5 16. Rac1 Rac8 17. Rxc8 Rxc8 18. Rc1 Rc2 19. Rxc2 bxc2 20. Ne1 Qb3 21. Qc3 Qxc3 22. bxc3 e5 23. g4 exd4 24. gxf5 dxe3 25. Nxc2 exf2+ 26. Kxf2 Bxc3 27. fxg6 hxg6 28. Kf3 Kg7 29. Ne3 b5 30. Ke4 Bb2 31. Nc2 f5+ 32. Kf3 a5 33. h3 Be5 34. Ke2 Kh6 35. Ne1 b4 36. axb4 axb4 37. Nd3 b3 38. Kd1 Bd4 39. Kc1 f4 0-1

[Event "North Devon Open 2nd"]
[Site "Woolacombe"]
[Date "1972.10.20"]
[Round "1"]
[White "Dennis, Nigel W"]
[Black "Ditmas, Hugh G"]
[Result "0-1"]
[WhiteElo "1820"]
[BlackElo "1800"]
[PlyCount "68"]
[EventDate "1972.10.20"]
[EventType "swiss"]
[EventRounds "5"]
[EventCountry "ENG"]
[SourceTitle "BritBase"]
[Source "John Saunders"]
[SourceDate "2000.01.01"]
[SourceVersion "1"]
[SourceVersionDate "2000.01.01"]
[SourceQuality "1"]

1. e4 e5 2. Nf3 Nc6 3. Bb5 a6 4. Ba4 Nf6 5. O-O Be7 6. Re1 b5 7. Bb3 O-O 8. h3 Kh8 9. c3 d5 10. exd5 Nxd5 11. Nxe5 Nxe5 12. Rxe5 c6 13. Bxd5 cxd5 14. d4 Bd6 15. Re1 Qh4 16. Qf3 Be6 17. Nd2 Rae8 18. Qd3 Bf5 19. Qf1 Bd3 20. Rxe8 Bxf1 21. Rxf8+ Bxf8 22. Kxf1 Qh5 23. Nf3 f6 24. Bf4 Qf5 25. Bg3 Kg8 26. Re1 Kf7 27. Re2 Qb1+ 28. Ne1 Qxa2 29. Nd3 Qb1+ 30. Ne1 b4 31. c4 dxc4 32. d5 Qd1 33. Re6 a5 34. Bc7 Qxd5 0-1

[Event "North Devon Open 2nd"]
[Site "Woolacombe"]
[Date "1972.10.20"]
[Round "1"]
[White "Dewdney, MJR"]
[Black "Gregory, RJ"]
[Result "1-0"]
[WhiteElo "1605"]
[BlackElo "1695"]
[PlyCount "115"]
[EventDate "1972.10.20"]
[EventType "swiss"]
[EventRounds "5"]
[EventCountry "ENG"]
[SourceTitle "BritBase"]
[Source "John Saunders"]
[SourceDate "2000.01.01"]
[SourceVersion "1"]
[SourceVersionDate "2000.01.01"]
[SourceQuality "1"]

1. d4 e6 2. c4 Nf6 3. Nc3 Bb4 4. Bd2 O-O 5. Nf3 c5 6. e3 cxd4 7. exd4 b6 8. Be2 Bb7 9. O-O Qc7 10. Nb5 Qc6 11. Bxb4 Rc8 12. Nd6 Rc7 13. Qc2 (13. d5) 13... a5 14. Ba3 Na6 15. Nxb7 Qxb7 16. Ne5 b5 17. Bf3 d5 18. b3 Ne4 19. Rfe1 f6 20. Bxe4 dxe4 21. Ng4 bxc4 22. Qxe4 Qxe4 23. Rxe4 f5 24. Nh6+ gxh6 25. Rxe6 c3 26. Rae1 Nb4 27. Bxb4 axb4 28. Re8+ Rxe8 29. Rxe8+ Kf7 30. Re1 Re7 31. Kf1 Re4 32. Rxe4 fxe4 33. Ke2 Ke6 34. f4 exf3+ 35. gxf3 Kd5 36. Kd3 Kc6 37. f4 Kd5 38. a4 bxa3 39. Kxc3 Ke4 40. b4 a2 41. Kb2 Kxd4 42. b5 Kc5 43. f5 Kd5 44. Kxa2 Ke5 45. b6 Kxf5 46. b7 Kg5 47. b8=Q h5 48. Qd6 h4 49. Kb3 h6 50. Kc3 Kh5 51. h3 Kg5 52. Qe6 h5 53. Kd4 Kf4 54. Qe5+ Kf3 55. Qxh5+ Kg3 56. Qg4+ Kh2 57. Ke3 Kh1 58. Kf2 1-0

[Event "North Devon Open 2nd"]
[Site "Woolacombe"]
[Date "1972.10.20"]
[Round "1"]
[White "Garrett, GR"]
[Black "Boyce, James R"]
[Result "0-1"]
[WhiteElo "1765"]
[BlackElo "2055"]
[PlyCount "84"]
[EventDate "1972.10.20"]
[EventType "swiss"]
[EventRounds "5"]
[EventCountry "ENG"]
[SourceTitle "BritBase"]
[Source "John Saunders"]
[SourceDate "2000.01.01"]
[SourceVersion "1"]
[SourceVersionDate "2000.01.01"]
[SourceQuality "1"]

1. d4 Nf6 2. c4 e6 3. Nc3 d5 4. e3 Be7 5. Nf3 O-O 6. Bd3 b6 7. O-O c5 8. dxc5 dxc4 9. Bxc4 Bxc5 10. a3 Bb7 11. b4 Be7 12. Bb2 Qxd1 13. Rfxd1 Nbd7 14. Nd4 Ne5 15. Be2 Rfd8 16. Rac1 Rac8 17. Nf3 Nc4 18. Bxc4 Rxc4 19. Rxd8+ Bxd8 20. Ne5 Rc8 21. Nb5 Rxc1+ 22. Bxc1 a6 23. Nd6 Bc7 24. Nexf7 Bd5 25. f3 e5 26. Nxe5 Bxd6 27. Nd3 Bc4 28. Nb2 Bb5 29. e4 Be5 30. h3 Nh5 31. Kf2 Nf4 32. Bxf4 Bxb2 33. Bd2 Bxa3 34. Ke3 Bb2 35. f4 Kf7 36. h4 h5 37. Kf3 Ba4 38. e5 Ke6 39. Be3 Bc3 40. Bxb6 Bxb4 41. g3 Be1 42. Bd4 Bc6+ 0-1

[Event "North Devon Open 2nd"]
[Site "Woolacombe"]
[Date "1972.10.20"]
[Round "1"]
[White "Lemon, Richard C"]
[Black "Foster, JL"]
[Result "1/2-1/2"]
[WhiteElo "2230"]
[BlackElo "2040"]
[PlyCount "92"]
[EventDate "1972.10.20"]
[EventType "swiss"]
[EventRounds "5"]
[EventCountry "ENG"]
[SourceTitle "BritBase"]
[Source "John Saunders"]
[SourceDate "2000.01.01"]
[SourceVersion "1"]
[SourceVersionDate "2000.01.01"]
[SourceQuality "1"]

1. d4 Nf6 2. c4 c5 3. d5 b5 4. cxb5 a6 5. Nc3 g6 6. Nf3 d6 7. e4 Bg7 8. Be2 O-O 9. O-O Qa5 10. Nd2 axb5 11. Bxb5 Nfd7 12. Nc4 Qc7 13. Bf4 Nb6 14. Ne3 Ba6 15. Qe2 Bxb5 16. Nxb5 Qd7 17. Rfc1 Na6 18. Rab1 Rfc8 19. b3 h6 20. h4 Kh7 21. h5 Nc7 22. Nxc7 Rxc7 23. hxg6+ fxg6 24. g4 Rca7 25. Rc2 Ra3 26. Rd1 Bd4 27. f3 g5 28. Bg3 Bxe3+ 29. Qxe3 Rxa2 30. e5 Rxc2 31. Qe4+ Kg7 32. Qxc2 Rf8 33. Qe4 Nc8 34. Re1 Qb7 35. exd6 exd6 36. Re3 Rf7 37. Be1 Ne7 38. Bc3+ Kg8 39. Qe6 Qxd5 40. Qxh6 Rh7 41. Qe6+ Rf7 42. Qd7 Ng6 43. Qe8+ Kh7 44. f4 Nxf4 45. Qh8+ Kg6 46. Qg8+ Kh6 1/2-1/2

[Event "North Devon Open 2nd"]
[Site "Woolacombe"]
[Date "1972.10.20"]
[Round "1"]
[White "McCarthy, Moss"]
[Black "Mann, Stephen J"]
[Result "1-0"]
[WhiteElo "2095"]
[BlackElo "2080"]
[PlyCount "60"]
[EventDate "1972.10.20"]
[EventType "swiss"]
[EventRounds "5"]
[EventCountry "ENG"]
[SourceTitle "BritBase"]
[Source "John Saunders"]
[SourceDate "2000.01.01"]
[SourceVersion "1"]
[SourceVersionDate "2000.01.01"]
[SourceQuality "1"]

1. e4 Nf6 2. e5 Nd5 3. d4 d6 4. c4 Nb6 5. f4 dxe5 6. fxe5 Bf5 7. Nf3 e6 8. Be2 c5 9. d5 exd5 10. O-O Be7 11. Nc3 d4 12. Nb5 d3 13. Ng5 dxe2 14. Qxe2 Bg6 15. Nd6+ Bxd6 16. exd6+ Kd7 17. Nxf7 Bxf7 18. Rxf7+ Kc8 19. Rc7+ Qxc7 20. dxc7 N8d7 21. Bf4 Nf6 22. Qe6+ Nbd7 23. Re1 a5 24. Qe7 Ra6 25. Qxg7 Rf8 26. Qe7 Rc6 27. Bd6 Rg8 28. Re6 b6 29. Rxf6 Nxf6 30. Qxf6 Rg6 1-0

[Event "North Devon Open 2nd"]
[Site "Woolacombe"]
[Date "1972.10.21"]
[Round "2"]
[White "Abadi, R"]
[Black "Barden, Leonard William"]
[Result "1-0"]
[WhiteElo "1695"]
[BlackElo "2400"]
[PlyCount "65"]
[EventDate "1972.10.20"]
[EventType "swiss"]
[EventRounds "5"]
[EventCountry "ENG"]
[SourceTitle "BritBase"]
[Source "John Saunders"]
[SourceDate "2000.01.01"]
[SourceVersion "1"]
[SourceVersionDate "2000.01.01"]
[SourceQuality "1"]

1. e4 c5 2. Nf3 Nc6 3. d4 cxd4 4. Nxd4 Nf6 5. Nc3 d6 6. Be2 e5 7. Nf3 h6 8. b3 Be7 9. O-O O-O 10. Ne1 Be6 11. f4 exf4 12. Bxf4 Ne5 13. Nf3 Qc7 14. Qe1 Rac8 15. Bd2 Ng6 16. Bd3 a6 17. Kh1 Qc5 18. Ne2 Ng4 19. Nf4 Nxf4 20. Bxf4 Kh8 21. Rd1 Ne5 22. h3 Rfd8 23. g4 Nxd3 24. cxd3 d5 25. d4 Qc2 26. e5 Qxa2 27. Rd3 Rc2 (27... g5) 28. Qg3 Rdc8 29. g5 Re2 30. gxh6 g6 31. Bg5 Qa3 32. Qh4 Rc7 (32... Bxg5 33. Qxg5 (33. Nxg5 Qe7 34. Nxf7+ Qxf7 35. Rxf7 Rc1+) 33... Kh7 34. Qf6 Kxh6 35. Nd2) 33. Bf6+ (33. Bf6+ Kg8 34. h7+ Kf8 35. h8=R#) 1-0

[Event "North Devon Open 2nd"]
[Site "Woolacombe"]
[Date "1972.10.21"]
[Round "2"]
[White "Argyris, Nicholas JC"]
[Black "Bloodworth, Kenneth John"]
[Result "1-0"]
[WhiteElo "2140"]
[BlackElo "1860"]
[PlyCount "37"]
[EventDate "1972.10.20"]
[EventType "swiss"]
[EventRounds "5"]
[EventCountry "ENG"]
[SourceTitle "BritBase"]
[Source "John Saunders"]
[SourceDate "2000.01.01"]
[SourceVersion "1"]
[SourceVersionDate "2000.01.01"]
[SourceQuality "1"]

1. e4 e5 2. Nf3 Nc6 3. Bb5 a6 4. Ba4 Nf6 5. O-O Nxe4 6. d4 b5 7. Bb3 d5 8. dxe5 Be6 9. c3 Bc5 10. Nbd2 O-O 11. Bc2 Nxf2 12. Rxf2 f6 13. exf6 Qxf6 (13... Bxf2+ 14. Kxf2 Qxf6) 14. Nb3 (14. Qf1) 14... Bxf2+ 15. Kxf2 g5 (15... Ne5) 16. Qd3 Rf7 (16... Qh6 17. Kg1 (17. Bxg5 Qxh2)) 17. Bxg5 Qxg5 (17... Qg7 18. Re1 Bg4 (18... Bf5 19. Qxd5) (18... Re8 19. Nc5) (18... Ne5 19. Rxe5) 19. Bh4) 18. Qxh7+ Kf8 19. Qxf7+ 1-0

[Event "North Devon Open 2nd"]
[Site "Woolacombe"]
[Date "1972.10.21"]
[Round "2"]
[White "Bellin, Robert"]
[Black "Hatch, CB"]
[Result "1-0"]
[WhiteElo "2325"]
[BlackElo "1965"]
[PlyCount "92"]
[EventDate "1972.10.20"]
[EventType "swiss"]
[EventRounds "5"]
[EventCountry "ENG"]
[SourceTitle "BritBase"]
[Source "John Saunders"]
[SourceDate "2000.01.01"]
[SourceVersion "1"]
[SourceVersionDate "2000.01.01"]
[SourceQuality "1"]

1. e4 e6 2. d4 d5 3. Nd2 c5 4. exd5 exd5 5. Bb5+ Nc6 6. Qe2+ Qe7 7. dxc5 Qxe2+ 8. Nxe2 Bxc5 9. Nb3 Bb6 10. a4 a6 11. Bxc6+ bxc6 12. a5 Ba7 13. Be3 Ne7 14. Bxa7 Rxa7 15. Nc5 Nf5 16. c3 O-O 17. Nd4 Nxd4 18. cxd4 Re8+ 19. Kd2 Rae7 20. Rhe1 g5 21. Rxe7 Rxe7 22. Ra3 Kf8 23. Rb3 Rc7 24. Rb6 Ke7 25. Nxa6 Bxa6 26. Rxa6 Rb7 27. Rb6 Ra7 28. b4 Kd7 29. Rb8 Ke6 30. Kc3 f6 31. Re8+ Kd6 32. Re2 Kd7 33. Ra2 Kc7 34. b5 cxb5 35. Kb4 Kd6 36. a6 Kc6 37. Ka5 b4 38. Rc2+ Kd6 39. Kb6 Ra8 40. Kb7 Rd8 41. a7 Rd7+ 42. Kb6 Rd8 43. Rb2 Rc8 44. Rxb4 Kd7 45. Ra4 Ra8 46. Kb7 Rxa7+ 1-0

[Event "North Devon Open 2nd"]
[Site "Woolacombe"]
[Date "1972.10.21"]
[Round "2"]
[White "Blackstock, Leslie Steven F"]
[Black "Osmond, MD"]
[Result "1-0"]
[WhiteElo "2200"]
[BlackElo "2055"]
[PlyCount "73"]
[EventDate "1972.10.20"]
[EventType "swiss"]
[EventRounds "5"]
[EventCountry "ENG"]
[SourceTitle "BritBase"]
[Source "John Saunders"]
[SourceDate "2000.01.01"]
[SourceVersion "1"]
[SourceVersionDate "2000.01.01"]
[SourceQuality "1"]

1. Nf3 Nf6 2. c4 g6 3. Nc3 Bg7 4. e4 d6 5. d4 O-O 6. Be2 e5 7. d5 Nbd7 8. Bg5 h6 9. Bh4 g5 10. Bg3 Nc5 11. Nd2 Nfxe4 12. Ndxe4 Nxe4 13. Nxe4 f5 14. f3 fxe4 15. fxe4 Bd7 16. Bf3 Kh7 17. O-O Qe7 18. Qe2 Rf6 19. Bg4 Raf8 20. Rxf6 Rxf6 21. Rf1 Rxf1+ 22. Kxf1 Qf7+ 23. Ke1 Bxg4 24. Qxg4 Qg6 25. Bf2 b6 26. Ke2 h5 27. Qf5 g4 28. Bh4 Bf8 29. Bd8 Qxf5 30. exf5 Kg7 31. a4 Kf7 32. Bxc7 Kf6 33. Bb8 a6 34. Bc7 Kxf5 35. Bxb6 e4 36. b4 Ke5 37. a5 1-0

[Event "North Devon Open 2nd"]
[Site "Woolacombe"]
[Date "1972.10.21"]
[Round "2"]
[White "Ditmas, Hugh G"]
[Black "Wedderspoon, AD"]
[Result "0-1"]
[WhiteElo "1800"]
[BlackElo "1800"]
[PlyCount "52"]
[EventDate "1972.10.20"]
[EventType "swiss"]
[EventRounds "5"]
[EventCountry "ENG"]
[SourceTitle "BritBase"]
[Source "John Saunders"]
[SourceDate "2000.01.01"]
[SourceVersion "1"]
[SourceVersionDate "2000.01.01"]
[SourceQuality "1"]

1. e4 e5 2. Nf3 Nc6 3. Bb5 a6 4. Ba4 Nf6 5. O-O b5 6. Bb3 Be7 7. Re1 O-O 8. c3 d5 9. exd5 e4 10. dxc6 exf3 11. d4 fxg2 12. Qf3 Bg4 13. Qxg2 Bd6 14. Bg5 Re8 15. Rxe8+ Qxe8 16. Bxf7+ Kxf7 17. Nd2 Qe2 18. h3 Bh5 19. Bxf6 gxf6 20. Qd5+ Ke7 21. Qf5 Rg8+ 22. Kh1 Bg6 23. Qd7+ Kf8 24. Qd8+ Kg7 25. Qd7+ Kh8 26. Rg1 Be4+ 0-1

[Event "North Devon Open 2nd"]
[Site "Woolacombe"]
[Date "1972.10.21"]
[Round "2"]
[White "Fox, Terry C"]
[Black "Bennett, Gerald H"]
[Result "1-0"]
[WhiteElo "2220"]
[BlackElo "2230"]
[PlyCount "89"]
[EventDate "1972.10.20"]
[EventType "swiss"]
[EventRounds "5"]
[EventCountry "ENG"]
[SourceTitle "BritBase"]
[Source "John Saunders"]
[SourceDate "2000.01.01"]
[SourceVersion "1"]
[SourceVersionDate "2000.01.01"]
[SourceQuality "1"]

1. d4 d5 2. c4 c6 3. Nf3 Nf6 4. e3 e6 5. Bd3 Nbd7 6. O-O Be7 7. Nc3 O-O 8. b3 b6 9. Bb2 Bb7 10. Qe2 Rc8 11. Rac1 Re8 12. Rfd1 Bd6 13. e4 Bf4 14. Rb1 e5 15. dxe5 Nxe5 16. cxd5 Nxd3 17. Qxd3 cxd5 18. exd5 Nd7 19. Qf5 Be5 20. Nb5 Bxb2 21. Rxb2 Nf6 22. Nxa7 Rc5 23. Rc2 Rxd5 24. Rxd5 Qxd5 25. Qxd5 Bxd5 26. Nd2 Re1+ 27. Nf1 h6 28. f3 Bb7 29. Kf2 Ra1 30. Ne3 Ba6 31. Nc8 Bd3 32. Rd2 Bg6 33. Nxb6 Nh5 34. g3 f5 35. Nbd5 f4 36. Nxf4 Nxf4 37. gxf4 Bb1 38. a4 Bg6 39. Rb2 Kf7 40. f5 Bh7 41. Kg3 Ke7 42. Kf4 Bg8 43. Ke5 Re1 44. Kd4 Kd6 45. b4 1-0

[Event "North Devon Open 2nd"]
[Site "Woolacombe"]
[Date "1972.10.21"]
[Round "2"]
[White "Gilbert, Colin"]
[Black "Bruce, Rowena Mary"]
[Result "0-1"]
[WhiteElo "2080"]
[BlackElo "2015"]
[PlyCount "44"]
[EventDate "1972.10.20"]
[EventType "swiss"]
[EventRounds "5"]
[EventCountry "ENG"]
[SourceTitle "BritBase"]
[Source "John Saunders"]
[SourceDate "2000.01.01"]
[SourceVersion "1"]
[SourceVersionDate "2000.01.01"]
[SourceQuality "1"]

1. e4 Nc6 2. Nf3 g6 3. Bc4 Bg7 4. O-O e5 5. Re1 Nge7 6. c3 O-O 7. d3 h6 8. Nbd2 Kh7 9. Nf1 d6 10. Ng3 f5 11. exf5 Nxf5 (11... gxf5 12. Nh5) 12. Bd5 Nce7 13. Be4 Nxg3 14. hxg3 d5 15. Ng5+ hxg5 16. Qh5+ Kg8 17. Bxg6 Nxg6 18. Qxg6 Qf6 19. Qxf6 Bxf6 20. f4 gxf4 21. gxf4 exf4 22. Bxf4 Bxc3 0-1

[Event "North Devon Open 2nd"]
[Site "Woolacombe"]
[Date "1972.10.21"]
[Round "2"]
[White "Griffiths, Peter Charles"]
[Black "Basman, Michael John"]
[Result "0-1"]
[WhiteElo "2230"]
[BlackElo "2325"]
[PlyCount "120"]
[EventDate "1972.10.20"]
[EventType "swiss"]
[EventRounds "5"]
[EventCountry "ENG"]
[SourceTitle "BritBase"]
[Source "John Saunders"]
[SourceDate "2000.01.01"]
[SourceVersion "1"]
[SourceVersionDate "2000.01.01"]
[SourceQuality "1"]

1. d4 Nf6 2. c4 g6 3. Nc3 Bg7 4. e4 d6 5. Be2 c6 6. Bg5 Nbd7 7. Qd2 Qb6 8. Nf3 Nf8 9. h3 Ne6 10. Be3 Qa5 11. O-O O-O 12. a3 Qd8 13. d5 Nc5 14. Qc2 Ncd7 15. dxc6 bxc6 16. Nd4 Bb7 17. Rfd1 c5 18. Nf3 Qc7 19. Rab1 a5 20. Nd5 Nxd5 21. cxd5 Rfc8 22. Nd2 a4 23. Bb5 Nb6 24. Nc4 Nxc4 25. Qxc4 Qa5 26. Bd2 Qa7 27. Bc3 Rcb8 28. Bxg7 Kxg7 29. Qc3+ f6 30. Bc4 Bc8 31. Kh2 Rb6 32. Rd2 Qa5 33. Qe3 Ba6 34. Ba2 Rab8 35. f4 c4 36. Rc2 c3 37. Qxc3 Qxc3 38. Rxc3 Rxb2 39. Rxb2 Rxb2 40. Bc4 Bb7 41. Bd3 f5 42. Rc7 Kf6 43. Kg1 e5 44. dxe6 Bxe4 45. e7 Kf7 46. Bxe4 fxe4 47. Rc4 d5 48. Rd4 Rb5 49. Rxa4 Kxe7 50. Kf2 Rb3 51. Ra6 d4 52. Ra4 Rd3 53. Ke2 Kd6 54. Ra5 Rb3 55. Re5 Rb2+ 56. Ke1 e3 57. g4 g5 58. Re4 gxf4 59. Rxd4+ Ke5 60. Rb4 Ra2 0-1

[Event "North Devon Open 2nd"]
[Site "Woolacombe"]
[Date "1972.10.21"]
[Round "2"]
[White "Innes-Reid, John V"]
[Black "Damant, Charles Ambrose S"]
[Result "1-0"]
[WhiteElo "2000"]
[BlackElo "1900"]
[PlyCount "137"]
[EventDate "1972.10.20"]
[EventType "swiss"]
[EventRounds "5"]
[EventCountry "ENG"]
[SourceTitle "BritBase"]
[Source "John Saunders"]
[SourceDate "2000.01.01"]
[SourceVersion "1"]
[SourceVersionDate "2000.01.01"]
[SourceQuality "1"]

1. e4 e5 2. Nf3 Nc6 3. Bb5 a6 4. Bxc6 dxc6 5. Nc3 f6 6. O-O Bc5 7. d3 Ne7 8. Qe2 O-O 9. Be3 Bxe3 10. Qxe3 Bg4 11. Rae1 Ng6 12. h3 Be6 13. Ne2 Qe7 14. Nh2 a5 15. f4 Bxa2 16. f5 Nh8 17. Ng4 Bf7 18. Rf3 Bh5 19. Rg3 Bxg4 20. Rxg4 Nf7 21. Ng3 Kh8 22. Nh5 Rg8 23. Kh1 Nd6 24. Qg3 a4 25. Rh4 Nf7 26. Qe3 Ng5 27. d4 exd4 28. Nf4 Qf7 29. Qxd4 Rgd8 30. Qe3 Re8 31. Qd4 Red8 32. Qb4 Kg8 33. Rg4 b5 34. h4 h5 35. Rg3 Nh7 36. Ne6 g5 37. hxg5 fxg5 38. Nxd8 Rxd8 39. Rd3 Rxd3 40. cxd3 g4 41. Qd2 Qf6 42. Qf2 Qg5 43. g3 Qd8 44. d4 Ng5 45. Rc1 Nxe4 46. Qe3 Qd5 47. Kh2 h4 48. gxh4 g3+ 49. Kg1 Qxf5 50. Kg2 Qd5 51. Re1 Nd6+ 52. Qf3 Qxd4 53. Qxg3+ Qg7 54. Qxg7+ Kxg7 55. Re7+ Kg8 56. Rxc7 Nc4 57. Rxc6 Nxb2 58. Rb6 Nc4 59. Rxb5 a3 60. Rb8+ Kh7 61. Ra8 Kh6 62. Ra4 Ne3+ 63. Kf3 Nc2 64. Kg4 Ne3+ 65. Kh3 Nc2 66. Ra5 Kg6 67. h5+ Kh6 68. Kh4 Nd4 69. Ra6+ 1-0

[Event "North Devon Open 2nd"]
[Site "Woolacombe"]
[Date "1972.10.21"]
[Round "2"]
[White "Patterson, MG"]
[Black "Newman, Ralph Herbert Thoma"]
[Result "1-0"]
[WhiteElo "1800"]
[BlackElo "1815"]
[PlyCount "61"]
[EventDate "1972.10.20"]
[EventType "swiss"]
[EventRounds "5"]
[EventCountry "ENG"]
[SourceTitle "BritBase"]
[Source "John Saunders"]
[SourceDate "2000.01.01"]
[SourceVersion "1"]
[SourceVersionDate "2000.01.01"]
[SourceQuality "1"]

1. c4 g6 2. Nc3 Bg7 3. g3 Nf6 4. Nf3 O-O 5. Bg2 d6 6. O-O e5 7. d3 Nbd7 8. Rb1 c6 9. b4 Qc7 10. b5 d5 11. Nd2 Qa5 12. bxc6 bxc6 13. Qc2 Nc5 14. cxd5 e4 15. Ncxe4 Ncxe4 16. dxe4 cxd5 17. exd5 Nxd5 18. Nc4 Qd8 19. Rd1 Be6 20. e4 Qc8 21. exd5 Bg4 22. Re1 Bf5 23. Be4 Re8 24. Bf4 Qa6 25. Bxf5 gxf5 26. Rxe8+ Rxe8 27. Nd6 Rd8 28. Qc7 Rf8 29. Rb8 Rxb8 30. Qxb8+ Bf8 31. Qe8 1-0